01423nab a22002177a 4500003000400000005001700004008004100021040000700062100002000069245006400089260007300153300001500226500007300241505056900314505008900883650002900972650002701001650002101028650002201049773013401071OSt20260130220746.0190603e xxum|||| |||| 00| 0 spa d cPJ aMoro, Emilio F.13aEl socio-consumidor :b¿un oxímoron? /cEmilio F. Moro.  cCiudad Autónoma de Buenos Aires :aThomson Reuters La Ley, b2025. ap. 255-280 aCita: TR LALEY AR/DOC/2271/2025 Publicado en: RCCyC 2025 (Octubre). aSumario: I. Introito.— II. Aproximación y descripción genérica de la condición de socio.— III. Recaudos necesarios para la configuración de una relación de consumo. El escenario particular que bosquejan las relaciones jurídicas intrasocietarias.— IV. Socios de sociedades cooperativas (y potenciales consumidores frente a la propia persona jurídica).— V. Socios de sociedades anónimas abiertas.— VI. El socio aportante de criptoactivos al capital social: ¿la sociedad como by-stander en dicha relación de consumo?— VII. Colofón.  t¿Te interesa el texto completo? Solicitalo al correo: koha@justierradelfuego.gov.ar 0aCODIGO CIVIL Y COMERCIAL 0aSOCIEDADES COMERCIALES 0aSOCIEDAD ANONIMA 0aAPORTE SOCIETARIO0 02713dCiudad Autónoma de Buenos Aires : Thomson Reuters La Ley, 2015-tRevista Código Civil y Comercial. Nº 5 - Octubre 2025